Everything North Korea Quiz - Statistics

General Stats
  • This quiz has been taken 374 times
  • The average score is 3 of 8
Answer Stats
Hint Answer % Correct
Who was the founder of North Korea? Kim Il Sung
92%
What is the "lucky" number of the country? nine
62%
When was the country founded? 1945
45%
What is the country's official airline? Air Koryo
39%
What is the countries second largest city? Hamhung
20%
What River flows through Pyongyang? Taedong River
14%
Rounded to the nearest million, what is the population of the country? 24 million
9%
What country's passport do they often use? Dominican Republic
7%
No matching quizzes found
Score Distribution
Percent of People with Each Score
Percentile by Number Answered
Your Score History
You have not taken this quiz